Datum a čas kvízu
20.5
Celkem bodů
Celkový počet nahraných bodů na tomto kvízu bez doplňovacích otázek.
7.
Pořadí na kvízu
Konečné umístění týmu na tomto kvízu.
Zaznamenané odpovědi
| # | Otázka | Odpověď | Body | Výsledky |
|---|---|---|---|---|
| 1. | Drama se šťastným koncem se od... | pes | 1 | |
| 2. | Poblíž které metropole došlo v... | poblíž Sydney | 1 | |
| 3. | Jistý populární komediální ser... | Mr. Bean | 0 | |
| 4. | Jeden rakouský řetězec se spo... | Hervis | 1 | |
| 5. | Jedna česká úspěšná sportovkyn... | Kateřina Neumannová | 1 | |
| 6. | Začneme v Africe. Konžské král... | Zair | 1 | |
| 7. | Že Cejlon byl v roce 1972 přej... | C | 1 | |
| 8. | Thajsko je jedinou zemí jihový... | Siam, Město Andělů | 0.5 | |
| 9. | Zřejmě víte, že na území dnešn... | Robinson Crusoe | 0 | |
| 10. | Vzpomenete si na název tohoto... | Německá demokratická republika (Východní Německo) | 1 |